Statistics for Name RB Battles Season 3 competitors

Click here to take the quiz!

General Stats

  • This quiz has been taken 87 times
  • The average score is 13 of 16

Answer Stats

Competitor Name% Correct
KREEKCRAFT
98%
TANQR
98%
DENIS
95%
FLAMINGO
87%
PINKLEAF
87%
BANDITES
85%
IAMSANNA
85%
IBELLA
85%
LEAH ASHE
85%
THINKNOODLES
85%
OMINOUS NEBULA
78%
MEGANPLAYS
76%
JAYINGEE
75%
PGHLFILMS
75%
CALIXO
71%
JACKERYZ
71%

Score Distribution

Percentile by Number Answered

Percent of People with Each Score

Your Score History

You have not taken this quiz